00680nam a2200217 a 4500001001000000003000400010005001700014007000300031008004100034020001500075040002500090082003400115100002000149245004500169250001200214260007300226300002100299500005500320504003000375651005700405000022405OSt20220929133048.0ta101007s1996 dr 001 0 spa d a8489539316 aDO-SdBNPbspacBNPHU 4a320.97293054bT233r, 19962221 aTaveras, Rafael10aRefundar la república /cFara Taveras. a3a. ed. aSanto Domingo :bEditorial Nueva AtopíafEditora de Coloresc1996. a196 p. ;c22 cm. aIncluye datos biográficos del autor en la solapa aBibliografía: p.191-193 4aRepública DominicanaxPolítica y gobiernoy1961-